[Event "FRA-chT4 1011"]
[Site "Champagne Ardennes"]
[Date "2011.01.16"]
[Round "4"]
[White "Guerin, Antonin"]
[Black "Fauchart, Francois"]
[Result "1-0"]
[WhiteElo "1740"]
[BlackElo "1633"]
[PlyCount "108"]
[EventDate "2010.10.10"]
[EventType "team-tourn"]
[EventRounds "7"]
[EventCountry "FRA"]
[SourceTitle "EXT 2024"]
[Source "ChessBase"]
[SourceDate "2023.10.10"]
[SourceVersion "1"]
[SourceVersionDate "2023.10.10"]
[SourceQuality "1"]

1. d4 d5 2. Nf3 Nc6 3. c4 Bg4 4. e3 e6 5. Nc3 Nf6 6. Bd3 Bb4 7. Bd2 0-0 8. 0-0 a6 9. a3 Be7 10. Rc1 dxc4 11. Bxc4 b5 12. Be2 Qd7 13. Qc2 Rfd8 14. Nxb5 axb5 15. Qxc6 Qxc6 16. Rxc6 Nd5 17. Bxb5 Bxf3 18. gxf3 Rab8 19. a4 Bd6 20. Rfc1 f5 21. e4 Ne7 22. R6c2 c6 23. Bc4 Kf7 24. Ba5 Rd7 25. b3 Ra7 26. Bd2 Rd7 27. Re1 g6 28. exf5 Kf6 29. fxe6 Rdb7 30. Bc3 Kg5 31. Re4 h5 32. h4+ Kh6 33. Bd2+ Kg7 34. Bf4 Bxf4 35. Rxf4 Rf8 36. Rxf8 Kxf8 37. Rc3 Nf5 38. d5 Rc7 39. Rd3 cxd5 40. Rxd5 Nxh4 41. Rd3 Ke7 42. Rd7+ Rxd7 43. exd7 Nxf3+ 44. Kg2 Ne5 45. Bb5 g5 46. a5 Nxd7 47. Bxd7 Kxd7 48. Kf3 Kc6 49. b4 Kb5 50. Kg3 Ka6 51. f4 h4+ 52. Kg4 gxf4 53. Kxf4 Kb5 54. Kg4 Kxb4 1-0